000 00375 a2200157 4500
001 189144
020 _a978-85-7848-065-3
040 _cMagnum
100 _aAguiar, Luiz Antonio
240 1 0 _aBruxas, beijos & outros encantos
_lpor
245 1 0 _aBruxas, beijos & outros encantos
300 _a53
362 0 _a2011
697 _aLITERATURA INFANTO-JUVENIL
942 _cBK
999 _c189144
_d189144